De las vías para acá : cinco acercamientos a la historia de las villas /
Guardado en:
| Autor Principal: | |
|---|---|
| Otros Autores: | , , , , , , |
| Formato: | Libro |
| Publicado: |
Bahía Blanca :
Macedonia,
2012
|
| Materias: | |
| Etiquetas: |
Agregar Etiqueta
Sin Etiquetas, Sea el primero en etiquetar este registro!
|
| LEADER | 01428nam a22003015a 4500 | ||
|---|---|---|---|
| 001 | CEM.cems013678 | ||
| 005 | 20120518182557.0 | ||
| 008 | 130507s2012##################000#0#####d | ||
| 003 | CEMS | ||
| 020 | |a 9789872792008 | ||
| 082 | 0 | 4 | |a 982.1 |
| 100 | 1 | |a Conde, Augusto | |
| 245 | 1 | 0 | |a De las vías para acá : |b cinco acercamientos a la historia de las villas / |c Augusto Conde ...[y Otros] |
| 260 | |a Bahía Blanca : |b Macedonia, |c 2012 | ||
| 300 | |a 80 p. | ||
| 505 | 0 | |a Presentación -- ¿Cómo era Villa Mitre cuando Los Visconti no eran "Los Visconti"? -- Las Palabras y las casas, los orígenes del Barrio Obrero -- Juventud Divino Tesoro. El testimonio de Benito Martínez y la militancia en la juventud Peronista de Villa Mitre (1850-1955) -- Quiénes escriben qué, un repaso a las publicaciones de Villa Mitre -- Aproximación a la influencia del contexto socio-económico en la gestación del Barrio de Villa Mitre, ciudad de Bahía Blanca | |
| 653 | |a Historia | ||
| 653 | |a Historia bahía blanca | ||
| 653 | |a Historia oral | ||
| 700 | 1 | |a Fernández Vicente, Nicolás | |
| 700 | 1 | |a Lorenzetti, Luciano | |
| 700 | 1 | |a Minieri, Duilio | |
| 700 | 1 | |a Sabanés, Esteban | |
| 700 | 1 | |a Cantamuto, Lucía; comp. | |
| 700 | 1 | |a Díaz, Marcelo; comp. | |
| 700 | 1 | |a Ortíz, Mario; comp. | |
| 859 | |a CEMS |b BIB. CEMS - 11 de abril |h 982.1 |i C166 |p 26367.12 |t Ej.1 | ||
| 859 | |a CEMS |b BIB. CEMS - 11 de abril |h 982.1 |i C166 |p 26368.12 |t Ej.2 | ||
